Multiple personality disorder : diagnosis, clinical features, and treatment /

Bibliographic Details
Main Author: Ross, Colin A.
Format: Book
Language:English
Published: New York : Wiley, [1989]
Series:Wiley series in general and clinical psychiatry.
Subjects:

MARC

Tag First Indicator Second Indicator Subfields
LEADER 00000cam a2200000 a 4500
001 in00000869613
005 20151019135542.0
008 890511s1989 nyua b 00110 eng c
010 |a  89014608  
020 |a 0471615153 
035 |a (OCoLC)19774991 
035 |9 AEK2690AM 
040 |a DNLM/DLC  |c DLC  |d TXA  |d UtOrBLW 
049 |a TXAM  |c [A12701017] 
050 0 0 |a RC569.5.M8  |b R67 1989 
060 0 |a WM 173.6 R823m 
100 1 |a Ross, Colin A. 
245 1 0 |a Multiple personality disorder :  |b diagnosis, clinical features, and treatment /  |c Colin A. Ross. 
264 1 |a New York :  |b Wiley,  |c [1989] 
264 4 |c ©1989 
300 |a xii, 382 pages :  |b illustrations ;  |c 25 cm. 
336 |a text  |b txt  |2 rdacontent 
337 |a unmediated  |b n  |2 rdamedia 
338 |a volume  |b nc  |2 rdacarrier 
490 1 |a Wiley series in general and clinical psychiatry 
500 |a "A Wiley-Interscience publication." 
504 |a Includes bibliographical references (pages 350-369). 
650 0 |a Multiple personality. 
830 0 |a Wiley series in general and clinical psychiatry. 
999 |a MARS 
999 f f |s 27bb0273-ee69-38b9-8c97-23134adad9eb  |i 6fbfa7ab-197e-37ad-9608-55a4dac5a691  |t 0 
952 f f |p normal  |a Texas A&M University  |b College Station  |c Sterling C. Evans Library  |d Evans: Library Stacks  |t 0  |e RC569.5.M8 R67 1989  |h Library of Congress classification  |i unmediated -- volume  |m A14812701017 
998 f f |a RC569.5.M8 R67 1989  |t 0  |l Evans: Library Stacks